000 00367nam a2200145Ia 4500
008 230312s9999||||xx |||||||||||||| ||und||
020 _a0-7821-4198-6
082 _a791.4377
_bSAD-D
100 _aSadun;Erica
245 0 _aDigital video Essentials
260 _bSan Francisco
_aLondon
_c2001
300 _a252
650 _aMass com
_vMass Communication
942 _cBK
999 _c11491
_d11491